Modelos y técnicas en la mediación familiar en Chile : una mirada desde los y las mediadores familiares
Saved in:
| Main Author: | |
|---|---|
| Other Authors: | |
| Format: | Book |
| Language: | Spanish |
| Published: |
Mauritius:
Académica Española,
2018.
|
| Subjects: | |
| Tags: |
Add Tag
No Tags, Be the first to tag this record!
|
MARC
| LEADER | 00000cam a2200000 a 4500 | ||
|---|---|---|---|
| 001 | UCC5559 | ||
| 003 | CL-VaPUC | ||
| 005 | 20240730105041.0 | ||
| 008 | 181012t20180000gw |||||||||||||||||spa|d | ||
| 999 | |c 372749 |d 372747 | ||
| 020 | |a 978-620-2-14245-8 | ||
| 040 | |c Pontificia Universidad Católica de Valparaíso | ||
| 082 | 7 | |2 22 |a 347.09 VAL 2018 | |
| 100 | |a Valdebenito Larenas, Caterine |e autora |9 599898 | ||
| 245 | 1 | 0 | |a Modelos y técnicas en la mediación familiar en Chile |b : una mirada desde los y las mediadores familiares |
| 260 | |a Mauritius: |b Académica Española, |c 2018. | ||
| 300 | |a 192 páginas | ||
| 583 | |a last modification |c 20181012 13:26:00 |k Rodrigo Vera | ||
| 650 | 0 | |a Mediación familiar |9 466593 |x Mediadores |z Chile | |
| 650 | 0 | |a Modelos de mediación familiar |9 890255 |x Modelo de Harvard |x Modelo circular narrativo |x Modelo transformador |x Modelo eco-sistématico |z Chile | |
| 700 | |a Donoso Díaz, María Paz |e autor |9 599899 | ||
| 942 | |c BK |2 ddc | ||
| 945 | |d 20181012 13:26:00 |a dcastane | ||
| 952 | |0 0 |1 0 |2 ddc |4 0 |6 347_090000000000000_VAL_2018 |7 0 |8 A |9 595921 |a BIBGIM |b BIBGIM |c GEN |d 2024-07-23 |e 13 |g 66283.00 |i 5662278 |l 2 |o 347.09 VAL 2018 |p 5662278 |q 2025-07-31 |r 2025-01-21 |s 2025-01-21 |t 1 |v 66283.00 |w 2024-07-23 |y BK |k SSL | ||
| 952 | |0 0 |1 0 |2 ddc |4 0 |6 347_090000000000000_VAL_2018 |7 0 |8 A |9 598709 |a BIBGIM |b BIBGIM |d 2024-12-16 |e 13 |g 66283.00 |i 5663650 |o 347.09 VAL 2018 |p 5663650 |r 2025-01-15 |t 2 |v 66283.00 |w 2024-12-16 |y BK |k SSL | ||